Responses for Show #6189 - Thursday, July 7, 2011

2011 Kids Week game 4.

Contestants

[<< previous game]

Neil Patel, a twelve-year-old from Plano, Texas

Brooke Martin, an eleven-year-old from Galway, New York

Emma Couture, a twelve-year-old from St. Petersburg, Florida

[next game >>]

Jeopardy! Round responses

STATE CAPITALS
CELEBS
COMPUSTUFF
GOOD OLD PLANET EARTH
SPECIAL DAYS
"TEN" & UP
    $200 1
Honolulu

Brooke
    $200 6
Justin Bieber

Brooke
    $200 26
(Emma: What is dial-up?)

phone lines

Emma
Triple Stumper
    $200 20
the Sahara

Neil
    $200 16
bread

Emma
    $200 7
a tenor

Brooke
    $400 2
(Brooke: What is Jacksonville?)

Jefferson City

EmmaBrooke
    $400 12
Miley Cyrus

Neil
    $400 27
a virus

Emma
    $400 21
mud

Brooke
    $400 17
the Bill of Rights

Triple Stumper
    $400 8
(Neil: What is a Cub Scout?)

a tenderfoot

Neil
Triple Stumper
    $600 3
Annapolis (or Indianapolis)

Brooke
    $600 13
Taylor Lautner

Emma
    $600 28
ctrl + alt + delete

Emma
    $600 23
hail

Brooke
    $600 18
juggling

Neil
    $600 9
a tendon

Emma
    $800 4
(Neil: What is Augusta?)

Juneau

BrookeNeil
    $800 14
Miranda Cosgrove

Brooke
    $800 29
a 404

Emma
    $800 24
poison ivy

Brooke
    $800 19
Jefferson Davis

Triple Stumper
    $800 10
(Neil: What is tense?)

tentative

EmmaNeil
    $1000 5
Sacramento

Emma
    $1000 15
(Emma: Who is Taylor Swift?)

Emily Osment

Emma
Triple Stumper
    $1000 30
a USB port

Neil
    $1000 25
graphite

Neil
    $1,000 22
March 14

Brooke
    $1000 11
(Brooke: Who is a tenor?)

a tenant

EmmaBrooke

Scores at the first commercial break (after clue 15):

Emma Brooke Neil
$3,400 $1,400 -$1,600

Scores at the end of the Jeopardy! Round:

Emma Brooke Neil
$5,200 $4,200 $1,200

Double Jeopardy! Round responses

PREHISTORIC TIMES
ANIMATION NATION
THE LIBERTY BELL RANG...
KELLOGG'S
ROMAN TIMES
9-LETTER WORDS
    $400 16
a deer

Neil
    $400 11
SpongeBob SquarePants

Neil
    $400 21
the Declaration of Independance

Emma
    $400 1
Pop Tarts

Brooke
    $400 26
1:11

Neil
    $400 6
(Neil: What is, um, uh, can I have, uh...)

a tombstone

BrookeNeil
    $800 17
(Brooke: What is a nut?)

a fig

Brooke
Triple Stumper
    $800 12
Chum Chum

Emma
    $800 22
(Neil: What is Congress?)

tea

Neil
Triple Stumper
    $800 2
Eggos

Brooke
    $800 27
[The end-of-round signal sounds.]

7:30

Neil
    $800 7
a boomerang

Brooke
    $1200 18
(Neil: What is Homo sapien?)

Homo erectus

Neil
Triple Stumper
    $1200 13
The Penguins of Madagascar

Emma
    $1200 23
(Emma: What is the Revolutionary War?)
(Neil: What is the British... um... what is the... um... [*]?)

the French and Indian War

EmmaNeil
    $1200 3
Rice Krispies

Brooke
    $1200 8
a trimester

Neil
    $1600 19
Neanderthals

Brooke
    $1600 14
Total Drama Island

Brooke
    $2,000 24
Benjamin Franklin

Neil
    $1600 4
(Neil: What is, um, uh...)

Special

EmmaNeil
    $1600 9
a supernova

Emma
    $2,000 20
(Brooke: What is... mnh-mnh.)

trilobites

Brooke
    $2000 15
Regular Show

Brooke
    $2000 25
San Francisco

Neil
    $2000 5
Apple Jacks

Brooke
    $2000 10
(Neil: What is an, um, orchard?)

an arboretum

Neil
Triple Stumper

Scores at the end of the Double Jeopardy! Round:

Emma Brooke Neil
$9,600 $12,200 $3,600

[wagering suggestions for these scores]

Final Jeopardy! Round responses

20th CENTURY HISTORY
NeilWhat is World War 2?
$3,600
EmmaWhat is World War Two?
$2,400
BrookeWhat is segregation?
$7,001
World War II

Final scores:

Emma Brooke Neil
$12,000 $5,199 $7,200
Winner: $15,000 3rd place: $1,000 2nd place: $2,000

Game dynamics:

Coryat scores:

Emma Brooke Neil
$9,600 $14,200 $3,200
15 R,
3 W
19 R
(including 1 DD),
4 W
(including 1 DD)
13 R
(including 1 DD),
8 W

Combined Coryat: $27,000

[game clues] [game scores] [suggest correction]

Game tape date: 2011-03-07
The J! Archive is created by fans, for fans. Scraping, republication, monetization, and malicious use prohibited; this site may use cookies and collect identifying information. See terms. The Jeopardy! game show and all elements thereof, including but not limited to copyright and trademark thereto, are the property of Jeopardy Productions, Inc. and are protected under law. This website is not affiliated with, sponsored by, or operated by Jeopardy Productions, Inc. Join the discussion at JBoard.tv.